New Testament epistles Bible reading notes {ch} = (Record no. 34059)
[ view plain ]
| 000 -LEADER | |
|---|---|
| fixed length control field | 00748nam a2200205 4500 |
| 008 - FIXED-LENGTH DATA ELEMENTS--GENERAL INFORMATION | |
| fixed length control field | 100223s1998 cc chiCO |
| 090 ## - LOCALLY ASSIGNED LC-TYPE CALL NUMBER (OCLC); LOCAL CALL NUMBER (OCLC) | |
| Classification number (OCLC) (R) ; Classification number, CALL (RLIN) (NR) | BS2635.3 |
| Local cutter number (OCLC) ; Book number/undivided call number, CALL (RLIN) | C36nt |
| -- | v.I |
| -- | c.2 |
| 100 1# - MAIN ENTRY--PERSONAL NAME | |
| Personal name | Chan, Stephen C. T. |
| 245 10 - TITLE STATEMENT | |
| Title | New Testament epistles Bible reading notes {ch} = |
| Remainder of title | Xin yue shu xin du jing jiang yi / |
| Statement of responsibility, etc | Stephen C. T. Chan. |
| 250 ## - EDITION STATEMENT | |
| Edition statement | simplified version. |
| 260 ## - PUBLICATION, DISTRIBUTION, ETC. (IMPRINT) | |
| Place of publication, distribution, etc | Nanjing, China : |
| Name of publisher, distributor, etc | China Christian Association, |
| Date of publication, distribution, etc | c1998. |
| 300 ## - PHYSICAL DESCRIPTION | |
| Extent | 1061 p. |
| 505 0# - FORMATTED CONTENTS NOTE | |
| Formatted contents note | Vol. I |
| 650 #4 - SUBJECT ADDED ENTRY--TOPICAL TERM | |
| Topical term or geographic name as entry element | Bible. N.T Epistles |
| General subdivision | Commentaries {ch}. |
| 650 #4 - SUBJECT ADDED ENTRY--TOPICAL TERM | |
| Topical term or geographic name as entry element | Bible. N.T. Epistles |
| General subdivision | Study and teaching {ch}. |
| 700 1# - ADDED ENTRY--PERSONAL NAME | |
| Personal name | Chen, Zhongdao. |
| 951 ## - EQUIVALENCE OR CROSS-REFERENCE-GEOGRAPHIC NAME/AREA NAME [OBSOLETE] [CAN/MARC only] | |
| -- | C-9596 |
| -- | CHBS2635.3/C36nt/v.I/c.2 |
| -- | 100223150205786 |
| -- | 2000-12-21 |
| -- | CH |
| Withdrawn status | Lost status | Damaged status | Not for loan | Home library | Current library | Shelving location | Date acquired | Accession number | Shelving control number | Total Checkouts | Full call number | Date last seen | Price effective from | Koha item type |
|---|---|---|---|---|---|---|---|---|---|---|---|---|---|---|
| BSOP Library | BSOP Library | Chinese Books (General Circulation) | 12/21/2000 | C-9596 | 127 | CHBS2635.3/C36nt/v.I/c.2 | 02/23/2013 | 02/23/2013 | Books |
